Essential of Software Engineering / (Record no. 590866)
[ view plain ]
| 000 -LEADER | |
|---|---|
| fixed length control field | 00784nam a22001697a 4500 |
| 003 - CONTROL NUMBER IDENTIFIER | |
| control field | NUST |
| 005 - DATE AND TIME OF LATEST TRANSACTION | |
| control field | 20220811091410.0 |
| 008 - FIXED-LENGTH DATA ELEMENTS--GENERAL INFORMATION | |
| fixed length control field | 220811b ||||| |||| 00| 0 eng d |
| 020 ## - INTERNATIONAL STANDARD BOOK NUMBER | |
| International Standard Book Number | 9788179922347 |
| 082 ## - DEWEY DECIMAL CLASSIFICATION NUMBER | |
| Classification number | 005.1,UMA |
| 100 ## - MAIN ENTRY--PERSONAL NAME | |
| Personal name | Uma,G.V. |
| 9 (RLIN) | 96780 |
| 245 ## - TITLE STATEMENT | |
| Title | Essential of Software Engineering / |
| Statement of responsibility, etc. | G.V.Uma |
| 260 ## - PUBLICATION, DISTRIBUTION, ETC. | |
| Place of publication, distribution, etc. | India |
| Name of publisher, distributor, etc. | Jaico Publishing House |
| Date of publication, distribution, etc. | 2004 |
| 300 ## - PHYSICAL DESCRIPTION | |
| Extent | 214p |
| 505 ## - FORMATTED CONTENTS NOTE | |
| Formatted contents note | Introduction to software engineering (Page-1), Project Management (Page-23), Requirement engineering (Page-39), Analysis and design (Page-43), Software testing (Page-63), Software quality (Page-97), Software metrics (Page-109), Software maintenance (Page-167), Object oriented software engineering (Page-171), Advance in software engineering (Page-193). |
| 942 ## - ADDED ENTRY ELEMENTS (KOHA) | |
| Source of classification or shelving scheme | |
| Koha item type | Book |
| Call number prefix | 005.1,UMA |
| Withdrawn status | Lost status | Source of classification or shelving scheme | Damaged status | Not for loan | Permanent Location | Current Location | Shelving location | Date acquired | Full call number | Barcode | Date last seen | Price effective from | Koha item type | Public note |
|---|---|---|---|---|---|---|---|---|---|---|---|---|---|---|
| Military College of Signals (MCS) | Military College of Signals (MCS) | General Stacks | 08/11/2022 | 005.1,UMA | MCS31015 | 08/11/2022 | 08/11/2022 | Book | Almirah No.4, Shelf No.1 |
